Les plus grands stades de football de France - Statistiques

Statistiques générales
  • Ce quiz a été pris 292 fois
  • Le résultat moyen est 7 sur 20
Statistiques - réponses
Capacité Stade % Correct
81,338 Stade de France
92%
67,394 Stade Vélodrome
91%
47,929 Parc des Princes
85%
35,624 Allianz Riviera
48%
50,157 Stade Pierre-Mauroy
48%
41,965 Stade Geoffroy-Guichard
43%
42,115 Matmut Atlantique
38%
26,109 Stade de la Meinau
29%
29,788 Roazhon Park
28%
25,000 Stade de Gerland
28%
32,939 Stade de la Mosson
28%
37,473 Stade de la Beaujoire
24%
59,186 Parc Olympique Lyonnais
16%
38,223 Stade Bollaert-Delelis
16%
30,000 Stade Saint-Symphorien
16%
25,178 Stade Océane
14%
33,150 Stadium Municipal
8%
25,064 MMArena
3%
34,462 Stade Chaban-Delmas
3%
24,926 Stade du Hainaut
2%
Aucun quiz correspondant
Distribution des résultats
% des personnes avec chaque résultat
Percentile par nombre de réponses
Votre historique - résultats
Vous n’avez pas pris ce quiz